000 00244nam a22001097a 4500
082 _a621.31924 BRE'H
100 _aBREDAHL, A. C
_957046
245 _aHOME WIRING MANUAL
260 _aNEWYORK
_bMCGRAW HILL
_c1957
300 _a221P
942 _cBK
999 _c567355
_d567355